Some aspects of the Islamic economy. (Record no. 542266)
[ view plain ]
| 000 -LEADER | |
|---|---|
| fixed length control field | 00506cam a2200169 4500 |
| 082 00 - DEWEY DECIMAL CLASSIFICATION NUMBER | |
| Classification number | 297.330 |
| Author Mark | SID |
| -- | L31,P91. |
| 100 1# - MAIN ENTRY--PERSONAL NAME | |
| Personal name | Siddiqi, Muhammad Nejatullah, |
| 9 (RLIN) | 10130 |
| 245 10 - TITLE STATEMENT | |
| Title | Some aspects of the Islamic economy. |
| 250 ## - EDITION STATEMENT | |
| Edition statement | [1st ed.] |
| 260 ## - PUBLICATION, DISTRIBUTION, ETC. | |
| Place of publication, distribution, etc. | Delhi, |
| Name of publisher, distributor, etc. | Markazi Maktaba Islami |
| Date of publication, distribution, etc. | [1972] |
| 260 ## - PUBLICATION, DISTRIBUTION, ETC. | |
| Place of publication, distribution, etc. | MCE |
| 300 ## - PHYSICAL DESCRIPTION | |
| Extent | 137 p. |
| Dimensions | 19 cm. |
| 490 1# - SERIES STATEMENT | |
| Series statement | Ishaat-e-Islam Trust publications, |
| 526 ## - STUDY PROGRAM INFORMATION NOTE | |
| Program name | 0 |
| Interest level | 0 |
| Reading level | 0 |
| Title point value | 297_330000000000000_SID |
| 650 #0 - SUBJECT ADDED ENTRY--TOPICAL TERM | |
| Topical term or geographic name entry element | Islam |
| General subdivision | Economic aspects. |
| 9 (RLIN) | 10142 |
| 942 ## - ADDED ENTRY ELEMENTS (KOHA) | |
| Source of classification or shelving scheme | |
| Koha item type | Book |
| Withdrawn status | Lost status | Source of classification or shelving scheme | Damaged status | Not for loan | Permanent Location | Current Location | Date acquired | Total Checkouts | Full call number | Barcode | Date last seen | Date last checked out | Price effective from | Koha item type |
|---|---|---|---|---|---|---|---|---|---|---|---|---|---|---|
| Military College of Engineering (MCE) | Military College of Engineering (MCE) | 09/30/2013 | 1 | 297.330 SID | MCE-3320 | 03/06/2017 | 02/27/2017 | 09/30/2013 | Book |
